रिश्तों की सुनामी / (Record no. 72652)

MARC details
000 -LEADER
fixed length control field 00760nam a22001937a 4500
005 - DATE AND TIME OF LATEST TRANSACTION
control field 20230802104357.0
010 ## - LCCN (DPL NO)
LC control number HIN-97948 HIN-125530
020 ## - INTERNATIONAL STANDARD BOOK NUMBER
Terms of availability 600.00
International Standard Book Number 9789381566640
035 ## - SYSTEM CONTROL NUMBER
System control number HN-70294 HN-97875
037 ## - SOURCE OF ACQUISITION
Source of stock number/acquisition DBAD / PUB
082 ## - DEWEY DECIMAL CLASSIFICATION NUMBER
Classification number
100 ## - MAIN ENTRY--PERSONAL NAME
Personal name वर्मा,शुभा
245 ## - TITLE STATEMENT
Title रिश्तों की सुनामी /
Statement of responsibility, etc शुभा वर्मा
260 ## - PUBLICATION, DISTRIBUTION, ETC. (IMPRINT)
Place of publication, distribution, etc दिल्ली
Name of publisher, distributor, etc साहित्य सरोवर
Date of publication, distribution, etc 2017
270 ## - ADDRESS
City दिल्ली
Address 1/11052-ए,सुभाष पार्क, शहादरा
Postal code 110032
300 1# - PHYSICAL DESCRIPTION
Extent 272पृ.
Dimensions 21सेमी (सजिल्द)
650 ## - SUBJECT ADDED ENTRY--TOPICAL TERM
Topical term or geographic name as entry element हिन्दी कथा साहित्य
942 ## - ADDED ENTRY ELEMENTS (KOHA)
Source of classification or shelving scheme Dewey Decimal Classification
Item type Hindi Books
Call number suffix वर्माशु
Classification part
Holdings
Withdrawn status Lost status Not for loan Collection code Home library Current library Date acquired Source of acquisition Cost, normal purchase price Full call number Barcode Copy number Cost, replacement price Koha item type
      Fiction Kadipur Kadipur 04/01/2013 DBAD/PUB 350.00 उ वर्माशु HN-70294 1 350.00 Hindi Books

© Delhi Public Library
Hit Counter
free hit counter